000
00334nam a2200157Ia 4500
100
_a
Khullar/D.R
650
_a
India
942
_c
BK
366
_f
15
245
_a
India:A comprehensive geography
260
_b
Kalyani publication
_c
1999
082
_a
808.8
_b
KHU
300
_a
868
546
_a
ENGLISH
_c
Computers
999
_c
28881
_d
28881